000 00338nam a2200133Ia 4500
008 220214s9999 xx 000 0 und d
022 _a0038-0792
245 0 _aSoils and Fertilizers
260 _bCAB, England
_aUK
310 _aM
500 _aEnding Volume & Year: 53, 1990
500 _aStarting Volume & Year: 28, 1965
942 _cBJ
999 _c11870
_d11870